[Event "Titled Tuesday intern op 18th Jun Early"]
[Site "Chess.com INT"]
[Date "2024.06.18"]
[Round "5"]
[White "Vakhlamov, Igor L"]
[Black "Vidyarthi, Omya"]
[Result "1-0"]
[WhiteElo "2413"]
[BlackElo "2084"]
[PlyCount "89"]
[EventDate "2024.06.18"]
[EventType "swiss (blitz)"]
[EventRounds "11"]
[EventCountry "USA"]
[SourceTitle "EXT 2025"]
[Source "ChessBase"]
[SourceDate "2024.10.14"]
[SourceVersion "1"]
[SourceVersionDate "2024.10.14"]
[SourceQuality "1"]

1. e4 e5 2. Nf3 Nc6 3. Nc3 Nf6 4. Bb5 Bb4 5. Nd5 Nxd5 6. exd5 e4 7. dxc6 dxc6 8. Bc4 exf3 9. Qxf3 Qe7+ 10. Qe3 Qxe3+ 11. fxe3 Bd7 12. 0-0 f6 13. a3 Bd6 14. d3 0-0-0 15. e4 Be5 16. Rb1 Bg4 17. Be3 Bh5 18. a4 Kb8 19. b4 Rd7 20. b5 cxb5 21. Rxb5 c6 22. Rb3 Re8 23. a5 Ree7 24. Rfb1 Bg6 25. Bc5 Re8 26. Ba6 b5 27. axb6 axb6 28. Rxb6+ Kc7 29. Bc4 Ra8 30. Be6 Bd4+ 31. Bxd4 Rxd4 32. Rb7+ Kd6 33. Bb3 Ke5 34. Re7+ Kf4 35. Rxg7 Ke3 36. Rf1 c5 37. h4 Kd2 38. Rxf6 Ra1+ 39. Rf1 Ra6 40. g4 c4 41. Bxc4 Rc6 42. Rf2+ Kc1 43. Ra7 Bxe4 44. c3 Rdd6 45. Ra1# 1-0

[Event "Titled Tuesday intern op 18th Jun Early"]
[Site "Chess.com INT"]
[Date "2024.06.18"]
[Round "9"]
[White "Vakhlamov, Igor L"]
[Black "Yelisieiev, Yevhenii"]
[Result "1-0"]
[WhiteElo "2413"]
[BlackElo "2402"]
[PlyCount "95"]
[EventDate "2024.06.18"]
[EventType "swiss (blitz)"]
[EventRounds "11"]
[EventCountry "USA"]
[SourceTitle "EXT 2025"]
[Source "ChessBase"]
[SourceDate "2024.10.14"]
[SourceVersion "1"]
[SourceVersionDate "2024.10.14"]
[SourceQuality "1"]

1. e4 d6 2. d4 Nf6 3. Nc3 e5 4. dxe5 dxe5 5. Qxd8+ Kxd8 6. Bg5 c6 7. Nf3 Nbd7 8. 0-0-0 Ke8 9. Bh4 Bc5 10. Rd2 Bb6 11. Bc4 Bc7 12. a4 a6 13. Re1 b5 14. Ba2 h6 15. Bg3 Nh5 16. Red1 Nxg3 17. hxg3 f6 18. Nh4 Nf8 19. Nf5 Bxf5 20. exf5 Ba5 21. Rd6 Bxc3 22. bxc3 Rc8 23. Be6 Nxe6 24. Rxe6+ Kf8 25. a5 Kg8 26. Rd7 Kh7 27. Rxf6 Rhf8 28. Rg6 Rxf5 29. Rgxg7+ Kh8 30. Rh7+ Kg8 31. Rdg7+ Kf8 32. Ra7 Kg8 33. f3 Rg5 34. g4 Rg6 35. Rhe7 h5 36. gxh5 Rxg2 37. Rxe5 Rf8 38. h6 Kh8 39. Re6 Rxf3 40. Rxc6 Rff2 41. Rc8+ Rg8 42. Rxg8+ Kxg8 43. Rxa6 Rf4 44. Kd2 Ra4 45. Ra7 Kh8 46. Ke3 Ra2 47. Kd4 Rxc2 48. a6 1-0

[Event "Titled Tuesday intern op 18th Jun Early"]
[Site "Chess.com INT"]
[Date "2024.06.18"]
[Round "11"]
[White "Vakhlamov, Igor L"]
[Black "Zhao, Erick"]
[Result "1-0"]
[WhiteElo "2413"]
[BlackElo "2359"]
[PlyCount "91"]
[EventDate "2024.06.18"]
[EventType "swiss (blitz)"]
[EventRounds "11"]
[EventCountry "USA"]
[SourceTitle "EXT 2025"]
[Source "ChessBase"]
[SourceDate "2024.10.14"]
[SourceVersion "1"]
[SourceVersionDate "2024.10.14"]
[SourceQuality "1"]

1. e4 c5 2. Nf3 e6 3. Nc3 a6 4. d4 cxd4 5. Nxd4 Qc7 6. Bd3 Nf6 7. 0-0 b5 8. Re1 d6 9. a4 b4 10. Na2 d5 11. e5 Nfd7 12. Bd2 Bc5 13. Nf3 Nc6 14. Qe2 0-0 15. c3 bxc3 16. Nxc3 f5 17. Rac1 Qb6 18. a5 Qa7 19. Na4 Nd4 20. Nxd4 Bxd4 21. Bb4 Nxe5 22. Bxf8 Kxf8 23. Nb6 Nxd3 24. Nxc8 Nxc1 25. Qxe6 Bxf2+ 26. Kh1 Bxe1 27. Nxa7 Rxa7 28. Qxe1 Rc7 29. h4 Nd3 30. Qg3 Rc1+ 31. Kh2 Nc5 32. Qd6+ Kf7 33. Qxd5+ Kf6 34. Qd6+ Ne6 35. Qxa6 Rc2 36. b4 f4 37. Qd3 Rf2 38. Kg1 Ra2 39. Qb3 Ra1+ 40. Kh2 Ke7 41. b5 f3 42. Qxf3 Rxa5 43. Qc6 Ra2 44. b6 Rb2 45. b7 Nf4 46. Qc7+ 1-0

[Event "Titled Tuesday intern op 11th Jun Early"]
[Site "Chess.com INT"]
[Date "2024.06.11"]
[Round "11"]
[White "Vakhlamov, Igor L"]
[Black "Liyanage, Ranindu Dilshan"]
[Result "0-1"]
[WhiteElo "2413"]
[BlackElo "2364"]
[PlyCount "48"]
[EventDate "2024.06.11"]
[EventType "swiss (blitz)"]
[EventRounds "11"]
[EventCountry "USA"]
[SourceTitle "EXT 2025"]
[Source "ChessBase"]
[SourceDate "2024.10.14"]
[SourceVersion "1"]
[SourceVersionDate "2024.10.14"]
[SourceQuality "1"]

1. e4 c5 2. Nf3 e6 3. Nc3 Nc6 4. d4 cxd4 5. Nxd4 Nf6 6. Bf4 Bb4 7. Ndb5 Nxe4 8. Qf3 d5 9. Nc7+ Kf8 10. 0-0-0 Bxc3 11. bxc3 e5 12. Nxd5 f5 13. Be3 Qa5 14. Bc4 Be6 15. g4 Rd8 16. Bb3 Qa3+ 17. Kb1 Rxd5 18. gxf5 Nxc3+ 19. Ka1 Rxd1+ 20. Rxd1 Bxb3 21. Bc5+ Qxc5 22. cxb3 Nd4 23. Qxb7 Nxd1 24. f6 Qc1# 0-1

[Event "Titled Tuesday intern op 28th May Early"]
[Site "Chess.com INT"]
[Date "2024.05.28"]
[Round "3"]
[White "Gajic, Mladen"]
[Black "Vakhlamov, Igor L"]
[Result "0-1"]
[WhiteElo "2294"]
[BlackElo "2413"]
[PlyCount "116"]
[EventDate "2024.05.28"]
[EventType "swiss (blitz)"]
[EventRounds "11"]
[EventCountry "USA"]
[SourceTitle "EXT 2025"]
[Source "ChessBase"]
[SourceDate "2024.10.14"]
[SourceVersion "1"]
[SourceVersionDate "2024.10.14"]
[SourceQuality "1"]

1. d4 d5 2. Nf3 Nf6 3. Nbd2 e6 4. e3 c5 5. c3 Nc6 6. Bd3 Qc7 7. 0-0 Be7 8. dxc5 Bxc5 9. e4 0-0 10. Qe2 h6 11. b4 Bb6 12. Bb2 Re8 13. a3 Bd7 14. e5 Ng4 15. c4 dxc4 16. Nxc4 h5 17. Rac1 a6 18. h3 Nh6 19. Ng5 g6 20. Qf3 Re7 21. g4 Bd4 22. Bxd4 Nxd4 23. Qe4 Nc6 24. gxh5 Nf5 25. Rfd1 Kg7 26. Qf4 Rh8 27. hxg6 fxg6 28. Bxf5 exf5 29. Nd6 Be8 30. e6 Rh5 31. h4 Kg8 32. Rc5 Qd8 33. Re1 Rc7 34. Nf3 Re7 35. Nd4 Qc7 36. Nxc6 Bxc6 37. Qe5 Qd8 38. Rd1 Qf8 39. Rd4 Qg7 40. Qxg7+ Kxg7 41. Nc4 Rxe6 42. Na5 g5 43. Nxc6 bxc6 44. Rd7+ Kf6 45. Rc7 Rxh4 46. R7xc6 Rg4+ 47. Kf1 Rge4 48. a4 Rxb4 49. Rxe6+ Kxe6 50. Rc6+ Ke5 51. Rxa6 Kf4 52. Ra8 g4 53. Kg2 Rb2 54. Rg8 Ra2 55. Ra8 g3 56. a5 Rxf2+ 57. Kg1 Ra2 58. a6 Kf3 0-1

[Event "Titled Tuesday intern op 28th May Early"]
[Site "Chess.com INT"]
[Date "2024.05.28"]
[Round "2"]
[White "Vakhlamov, Igor L"]
[Black "Tomb, Maroun"]
[Result "1-0"]
[WhiteElo "2413"]
[BlackElo "2090"]
[PlyCount "79"]
[EventDate "2024.05.28"]
[EventType "swiss (blitz)"]
[EventRounds "11"]
[EventCountry "USA"]
[SourceTitle "EXT 2025"]
[Source "ChessBase"]
[SourceDate "2024.10.14"]
[SourceVersion "1"]
[SourceVersionDate "2024.10.14"]
[SourceQuality "1"]

1. e4 d6 2. d4 Nf6 3. Nc3 e5 4. dxe5 dxe5 5. Qxd8+ Kxd8 6. Bg5 Be6 7. g3 h6 8. Bxf6+ gxf6 9. f4 exf4 10. gxf4 f5 11. 0-0-0+ Nd7 12. Nf3 Bd6 13. Ne5 Ke7 14. exf5 Bxf5 15. Nd5+ Ke6 16. Bc4 Nxe5 17. Nxc7+ Ke7 18. Nd5+ Kf8 19. fxe5 Bxe5 20. Rhf1 Be6 21. Rde1 Bh3 22. Rxe5 Bxf1 23. Bxf1 Re8 24. Rf5 Rg8 25. Kd2 Rg5 26. Ne3 Rd8+ 27. Ke2 Kg7 28. Rf4 Re8 29. Kf2 Rge5 30. Rf3 Kf8 31. Bd3 R5e6 32. Bc4 R6e7 33. Nf5 Rc7 34. Bb3 h5 35. h4 Ree7 36. Nxe7 Rxe7 37. Rf5 Re4 38. Rxh5 Rf4+ 39. Ke3 Rf5 40. Rxf5 1-0

[Event "Titled Tuesday intern op 28th May Late"]
[Site "Chess.com INT"]
[Date "2024.05.28"]
[Round "3"]
[White "Vakhlamov, Igor L"]
[Black "Uzunoglu, Efe Kerem"]
[Result "0-1"]
[WhiteElo "2413"]
[BlackElo "2049"]
[PlyCount "158"]
[EventDate "2024.05.28"]
[EventType "swiss (blitz)"]
[EventRounds "11"]
[EventCountry "USA"]
[SourceTitle "EXT 2025"]
[Source "ChessBase"]
[SourceDate "2024.10.14"]
[SourceVersion "1"]
[SourceVersionDate "2024.10.14"]
[SourceQuality "1"]

1. e4 c5 2. Nf3 d6 3. Nc3 Nf6 4. d4 cxd4 5. Qxd4 Nc6 6. Bb5 Bd7 7. Bxc6 Bxc6 8. Bg5 e6 9. 0-0-0 Be7 10. Rhe1 Qa5 11. Nd5 Bxd5 12. exd5 Nxd5 13. Qxg7 Rf8 14. Bxe7 Nxe7 15. Kb1 0-0-0 16. Qxh7 Nd5 17. Qe4 Kb8 18. g3 Rc8 19. Re2 Qb5 20. Ka1 Rc4 21. Qd3 Qc5 22. c3 Ra4 23. Nd4 Rc8 24. h4 Qa5 25. Qb1 Qa6 26. Red2 Rc5 27. Nb3 Rb5 28. Nc1 Nxc3 29. Rxd6 Nxb1 30. Rxa6 Rxa6 31. Kxb1 Rc6 32. Ne2 Rd5 33. Rxd5 exd5 34. h5 Rf6 35. f4 Re6 36. Nc3 Re3 37. g4 d4 38. Nd5 Rh3 39. Kc2 Kc8 40. Nf6 Kc7 41. g5 Kd6 42. h6 Ke6 43. h7 Kf5 44. Ne8 Rxh7 45. Nd6+ Kxf4 46. Nxb7 Ke4 47. Nc5+ Kd5 48. Nb3 Rh2+ 49. Kd3 Rxb2 50. Nxd4 Rxa2 51. Nb5 Ra5 52. Nc3+ Ke5 53. Ne2 Ra3+ 54. Kc4 Kf5 55. Nd4+ Kxg5 56. Nb5 Re3 57. Kd4 Re1 58. Nxa7 f5 59. Kd3 f4 60. Kd2 Re7 61. Nc6 Re8 62. Nd4 Rd8 63. Kd3 Kg4 64. Ke4 Rxd4+ 65. Kxd4 Kg3 66. Kd3 f3 67. Kd2 Kg2 68. Ke1 f2+ 69. Ke2 f1Q+ 70. Ke3 Qf3+ 71. Kd4 Kf2 72. Ke5 Ke3 73. Kd6 Qh5 74. Kc6 Kd4 75. Kd6 Qg6+ 76. Ke7 Ke5 77. Kf8 Qh7 78. Ke8 Ke6 79. Kf8 Qf7# 0-1

[Event "Titled Tuesday intern op 28th May Late"]
[Site "Chess.com INT"]
[Date "2024.05.28"]
[Round "1"]
[White "Vakhlamov, Igor L"]
[Black "Wael Sabry, Mina"]
[Result "1-0"]
[WhiteElo "2413"]
[BlackElo "2037"]
[PlyCount "113"]
[EventDate "2024.05.28"]
[EventType "swiss (blitz)"]
[EventRounds "11"]
[EventCountry "USA"]
[SourceTitle "EXT 2025"]
[Source "ChessBase"]
[SourceDate "2024.10.14"]
[SourceVersion "1"]
[SourceVersionDate "2024.10.14"]
[SourceQuality "1"]

1. e4 c5 2. Nf3 d6 3. Nc3 Nf6 4. d4 cxd4 5. Qxd4 Nc6 6. Bb5 Bd7 7. Bxc6 Bxc6 8. Bg5 e6 9. 0-0-0 Be7 10. Rhe1 0-0 11. e5 dxe5 12. Nxe5 Qxd4 13. Rxd4 Rac8 14. Nxc6 Rxc6 15. Ne4 Rfc8 16. Re2 Nd5 17. Bxe7 Nxe7 18. Rd7 R6c7 19. Red2 Nc6 20. Nc5 b6 21. Na6 Rxd7 22. Rxd7 Kf8 23. a3 Ke8 24. Rb7 h5 25. Nb4 a5 26. Nxc6 Rxc6 27. Kd2 g5 28. b3 Kf8 29. Kd3 Kg7 30. c4 e5 31. b4 axb4 32. axb4 Kf6 33. f3 Ke6 34. Kc3 f6 35. b5 Rd6 36. Rc7 g4 37. c5 bxc5 38. Rxc5 gxf3 39. gxf3 Kf5 40. Rc4 Rd1 41. b6 Rc1+ 42. Kb4 Rb1+ 43. Kc5 Rb2 44. Rb4 Rc2+ 45. Kd6 Rd2+ 46. Ke7 Rg2 47. b7 Rg8 48. Kd6 Kg5 49. b8Q Rxb8 50. Rxb8 Kf4 51. Rf8 f5 52. Ke6 Kxf3 53. Kxe5 h4 54. Kxf5 Kg2 55. Kg4 h3 56. Ra8 Kxh2 57. Ra2+ 1-0